000 00403nam a22001697a 4500
005 20160625160216.0
008 160625b xxu||||| |||| 00| 0 eng d
020 _a81-7522-119-4
041 _aeng
082 _b10244
100 _aRabindranath Tagore (Bangla)
_92815
245 _aKalpana ( Bangla)
260 _bVishwabharti Shantiniketan
300 _a143
650 _aBangla
_92816
942 _cBK
999 _c4074
_d4073